[Event "CZE-ch 254 corr"]
[Site "Czech Republic"]
[Date "1998.??.??"]
[Round "?"]
[White "Chvojka, Jaroslav"]
[Black "Zavadil, Jaroslav"]
[Result "1-0"]
[WhiteElo "2065"]
[BlackElo "2075"]
[PlyCount "181"]
[EventDate "1998.??.??"]
[EventType "tourn (corr)"]
[EventRounds "14"]
[EventCountry "CZE"]
[SourceTitle "Corr 2002"]
[Source "ChessBase"]
[SourceDate "2002.05.23"]
[SourceVersion "1"]
[SourceVersionDate "2002.05.23"]
[SourceQuality "1"]

1. d4 Nf6 2. c4 e6 3. Nc3 Bb4 4. e3 c5 5. Nf3 cxd4 6. exd4 d5 7. Bg5 Qa5 8. Bd2 0-0 9. a3 Bxc3 10. Bxc3 Qd8 11. cxd5 Qxd5 12. Bd3 Nc6 13. 0-0 Rd8 14. Re1 b5 15. Qd2 Bb7 16. Qe2 a6 17. Qd2 h6 18. Bc2 Qd6 19. Rad1 Rac8 20. h3 Rc7 21. Ra1 a5 22. d5 Nxd5 23. Qd3 g6 24. Bd2 Qc5 25. Bxh6 Nf4 26. Qe3 Qxe3 27. Rxe3 Nd4 28. Bd1 Nxh3+ 29. gxh3 Nf5 30. Bf4 Rc4 31. Be5 Nxe3 32. fxe3 Rd3 33. Kf2 Bxf3 34. Kxf3 Rh4 35. Rc1 f5 36. Rc8+ Kf7 37. Ke2 Rd5 38. Rh8 Rxh8 39. Bxh8 g5 40. Bc3 a4 41. Bc2 Rd8 42. Bd3 Rb8 43. Kf2 Kg6 44. Kg3 Kh5 45. Be2+ Kg6 46. Kg2 Rb7 47. Kg3 Rb8 48. Be5 Rb6 49. Bf3 b4 50. Bd1 Rb5 51. Bh8 bxa3 52. bxa3 e5 53. Kf3 Kh7 54. Bf6 Kg6 55. Be7 e4+ 56. Kf2 Rb2+ 57. Ke1 Rh2 58. Bxa4 Rxh3 59. Be8+ Kh6 60. Bc5 Rh2 61. Bf8+ Kh7 62. Be7 g4 63. Bd6 Rh3 64. Bf4 Rh1+ 65. Kf2 Kg7 66. Be5+ Kh6 67. a4 Kg5 68. Bb5 Rd1 69. Bd4 Rb1 70. Bc5 Rb3 71. Be7+ Kh6 72. Bf6 Kh5 73. Be8+ Kh6 74. Be7 Rb7 75. Bc5 Rb8 76. Bb5 Rb7 77. Kg3 Kg5 78. Bb4 Rh7 79. a5 Rh3+ 80. Kg2 Rh7 81. a6 Rc7 82. Kg3 Rc1 83. Be7+ Kh5 84. Be8+ Kh6 85. a7 Rg1+ 86. Kf2 Ra1 87. Bc5 Kg5 88. Bc6 Kh4 89. a8Q Rxa8 90. Bxa8 Kh3 91. Bd5 1-0

[Event "CZE-ch 254 corr"]
[Site "Czech Republic"]
[Date "1998.??.??"]
[Round "?"]
[White "Kuchta, Jiri"]
[Black "Zavadil, Jaroslav"]
[Result "0-1"]
[WhiteElo "2200"]
[BlackElo "2075"]
[PlyCount "84"]
[EventDate "1998.??.??"]
[EventType "tourn (corr)"]
[EventRounds "14"]
[EventCountry "CZE"]
[SourceTitle "Corr 2002"]
[Source "ChessBase"]
[SourceDate "2002.05.23"]
[SourceVersion "1"]
[SourceVersionDate "2002.05.23"]
[SourceQuality "1"]

1. e4 e5 2. Nf3 Nc6 3. Bb5 a6 4. Ba4 Nf6 5. 0-0 Bc5 6. c3 Nxe4 7. Qe2 f5 8. d3 Nf6 9. d4 Be7 10. dxe5 Ne4 11. Bxc6 bxc6 12. Nd4 0-0 13. Nxf5 Rxf5 14. Qxe4 Qf8 15. Be3 Rb8 16. b3 Bb7 17. Rd1 d5 18. exd6 cxd6 19. Nd2 c5 20. Qe6+ Kh8 21. Nf1 Rf6 22. Qd7 d5 23. Ng3 Bd6 24. Rd3 Rf7 25. Qg4 Re8 26. Rf1 Bc6 27. Re1 Bf4 28. Rd2 Be5 29. Ne2 Rf6 30. Rdd1 Rg6 31. Bg5 h6 32. Qh4 Bd6 33. Nf4 Rxg5 34. Qxg5 hxg5 35. Ng6+ Kg8 36. Nxf8 Kxf8 37. Rxe8+ Kxe8 38. h3 Kd7 39. Kf1 Be5 40. Rc1 d4 41. cxd4 cxd4 42. Rd1 Be4 0-1

[Event "CZE-ch 254 corr"]
[Site "Czech Republic"]
[Date "1998.??.??"]
[Round "?"]
[White "Prib, Josef Jr"]
[Black "Zavadil, Jaroslav"]
[Result "1/2-1/2"]
[WhiteElo "2000"]
[BlackElo "2075"]
[PlyCount "74"]
[EventDate "1998.??.??"]
[EventType "tourn (corr)"]
[EventRounds "14"]
[EventCountry "CZE"]
[SourceTitle "Corr 2002"]
[Source "ChessBase"]
[SourceDate "2002.05.23"]
[SourceVersion "1"]
[SourceVersionDate "2002.05.23"]
[SourceQuality "1"]

1. c4 Nf6 2. g3 e5 3. Bg2 c6 4. Nc3 d5 5. cxd5 Nxd5 6. Nxd5 cxd5 7. Qb3 Nc6 8. Qxd5 Qxd5 9. Bxd5 Nb4 10. Bb3 Be6 11. Ba4+ Bd7 12. Bxd7+ Kxd7 13. Kd1 Rc8 14. Nf3 e4 15. Ne1 Bd6 16. a3 Nd5 17. b4 Be5 18. Ra2 Ke6 19. Rc2 f5 20. Ng2 Rhd8 21. Rxc8 Rxc8 22. f3 g5 23. Rf1 h6 24. fxe4 fxe4 25. g4 a6 26. h3 Bf6 27. Rf5 Be5 28. Rf2 Bd4 29. e3 Be5 30. Rf1 b5 31. Ne1 Bc3 32. Nc2 Be5 33. Rf5 Ne7 34. Rf2 Nd5 35. Rf5 Ne7 36. Rf2 Nd5 37. Rf5 Ne7 1/2-1/2

[Event "CZE-ch 254 corr"]
[Site "Czech Republic"]
[Date "1998.??.??"]
[Round "?"]
[White "Zavadil, Jaroslav"]
[Black "Kuchta, Jiri"]
[Result "1-0"]
[WhiteElo "2075"]
[BlackElo "2200"]
[PlyCount "125"]
[EventDate "1998.??.??"]
[EventType "tourn (corr)"]
[EventRounds "14"]
[EventCountry "CZE"]
[SourceTitle "Corr 2002"]
[Source "ChessBase"]
[SourceDate "2002.05.23"]
[SourceVersion "1"]
[SourceVersionDate "2002.05.23"]
[SourceQuality "1"]

1. e4 c5 2. Nf3 d6 3. d4 cxd4 4. Nxd4 Nf6 5. Nc3 a6 6. Bg5 e6 7. Be2 Be7 8. 0-0 0-0 9. Qd2 b5 10. Bf3 b4 11. Na4 Nxe4 12. Bxe4 Bxg5 13. f4 d5 14. Bxh7+ Kxh7 15. fxg5 e5 16. Qe2 Qxg5 17. Nf3 Qh5 18. Nb6 Ra7 19. Nxd5 Re8 20. Qe4+ Kg8 21. Rae1 f6 22. Qxb4 Rb7 23. Qd6 Rd7 24. Nxf6+ gxf6 25. Qxb8 Bb7 26. Qa7 Rh7 27. Qe3 Bxf3 28. Rxf3 Qxh2+ 29. Kf1 Qh1+ 30. Qg1 Qh4 31. b3 e4 32. Rh3 Qf4+ 33. Qf2 Qxf2+ 34. Kxf2 Rxh3 35. gxh3 Kf7 36. Ke3 f5 37. Kf4 Kf6 38. Rd1 e3 39. c4 Re4+ 40. Kf3 Ke5 41. h4 Rd4 42. Rxd4 Kxd4 43. Ke2 f4 44. c5 Ke4 45. c6 f3+ 46. Ke1 Kd3 47. c7 f2+ 48. Kf1 Kd2 49. c8Q e2+ 50. Kxf2 e1Q+ 51. Kf3 Qe2+ 52. Kf4 Qe3+ 53. Kg4 Qe4+ 54. Kg5 Qd5+ 55. Kf6 Qd4+ 56. Kf7 Qf4+ 57. Ke8 Qe4+ 58. Kd7 Qh7+ 59. Kc6 Qc2+ 60. Kb7 Qxa2 61. Qd7+ Ke3 62. Qe6+ Kf4 63. h5 1-0

[Event "CZE-ch 254 corr"]
[Site "Czech Republic"]
[Date "1998.??.??"]
[Round "?"]
[White "Zavadil, Jaroslav"]
[Black "Macek, Ludvik"]
[Result "1/2-1/2"]
[WhiteElo "2075"]
[BlackElo "1925"]
[PlyCount "130"]
[EventDate "1998.??.??"]
[EventType "tourn (corr)"]
[EventRounds "14"]
[EventCountry "CZE"]
[SourceTitle "Corr 2002"]
[Source "ChessBase"]
[SourceDate "2002.05.23"]
[SourceVersion "1"]
[SourceVersionDate "2002.05.23"]
[SourceQuality "1"]

1. e4 c5 2. Nf3 d6 3. d4 cxd4 4. Nxd4 Nf6 5. Nc3 e5 6. Bb5+ Bd7 7. Bxd7+ Nbxd7 8. Nf5 Qb6 9. 0-0 g6 10. Ne3 Rc8 11. Ned5 Nxd5 12. Nxd5 Qd4 13. Qxd4 exd4 14. Bg5 h6 15. Bf6 Nxf6 16. Nxf6+ Kd8 17. Rac1 Bg7 18. Nd5 Kd7 19. Rfd1 Rhe8 20. f3 f5 21. exf5 gxf5 22. Kf2 d3 23. cxd3 Bxb2 24. Rxc8 Bd4+ 25. Kg3 Rxc8 26. Rb1 Rc5 27. Nf4 b6 28. Rb4 Be5 29. d4 Bxf4+ 30. Kxf4 Rc2 31. Ra4 a5 32. Kxf5 Rxg2 33. h4 Kc6 34. f4 Kb5 35. Ra3 a4 36. Ke6 Kb4 37. Rf3 Rxa2 38. f5 a3 39. f6 Re2+ 40. Kd7 a2 41. Rf1 Rb2 42. f7 Rb1 43. f8Q a1Q 44. Qxd6+ Ka5 45. Rxb1 Qxb1 46. Qxh6 b5 47. d5 Qf5+ 48. Qe6 Qh5 49. Qe4 b4 50. d6 b3 51. Ke7 Qc5 52. Ke6 Qb6 53. Qe1+ Ka6 54. Qa1+ Kb7 55. Qg7+ Ka6 56. Qb2 Qe3+ 57. Kd7 Qa7+ 58. Kc6 Qb7+ 59. Kc5 Qb5+ 60. Kd4 Qb4+ 61. Kd5 Qb5+ 62. Ke6 Qe8+ 63. Kf5 Qh5+ 64. Ke4 Qxh4+ 65. Kd5 Qh1+ 1/2-1/2